A TEXT BOOK OF RESEARCH METHODOLOGY AND BIOSTATISTICS (Record no. 27087)

MARC details
000 -LEADER
fixed length control field 00421nam a22001577a 4500
003 - CONTROL NUMBER IDENTIFIER
control field SGT
020 ## - INTERNATIONAL STANDARD BOOK NUMBER
International Standard Book Number 93545177665
082 ## - DEWEY DECIMAL CLASSIFICATION NUMBER
Classification number 615.10
Item number R22K
100 ## - MAIN ENTRY--PERSONAL NAME
Personal name KOKARE, CHANDRAKANT
245 ## - TITLE STATEMENT
Title A TEXT BOOK OF RESEARCH METHODOLOGY AND BIOSTATISTICS
260 ## - PUBLICATION, DISTRIBUTION, ETC. (IMPRINT)
Place of publication, distribution, etc PUNE
Name of publisher, distributor, etc NIRALI PRAKASHAN
Year of Publication 2022
300 ## - PAGE DESCRIPTION
No. of Pages 11.6
650 ## - SUBJECT ADDED ENTRY--TOPICAL TERM
Topical term or geographic name as entry element RESEARSH METHODOLOGY
653 ## - KEYWORDS--INDEX TERM
Keyword term RESEARCH , METHODOLOGY , BIOSTATISTICS
942 ## - ADDED ENTRY ELEMENTS (KOHA)
Source of classification or shelving scheme Dewey Decimal Classification
Koha item type Books
942 ## - ADDED ENTRY ELEMENTS (KOHA)
-- 4
Holdings
Withdrawn status Lost status Source of classification or shelving scheme Damaged status Not for loan Collection code Home library Current library Shelving location Date acquired Vendor Name Cost, normal purchase price SGTU Bill Number Total Checkouts Full call number Accession No. (Barcode) Date last seen Bill Date Koha item type Use restrictions Date last borrowed
    Dewey Decimal Classification     PHARMACY SGT FA-FP Library SGT FA-FP Library Text Book 03/10/2024 AHUJA PUB. 170.00 SGTU 19381   615.10 R22K FP5181 03/10/2024 13/08/2024 Books    
    Dewey Decimal Classification     PHARMACY SGT FA-FP Library SGT FA-FP Library Reference Book 03/10/2024 AHUJA PUB. 170.00 SGTU 19381   615.10 R22K FP5182 03/10/2024 13/08/2024 Books Restricted Access  
    Dewey Decimal Classification     PHARMACY SGT FA-FP Library SGT FA-FP Library Text Book 03/10/2024 AHUJA PUB. 170.00 SGTU 19381 2 615.10 R22K FP5183 31/03/2026 13/08/2024 Books   14/03/2026
    Dewey Decimal Classification     PHARMACY SGT FA-FP Library SGT FA-FP Library Text Book 03/10/2024 AHUJA PUB. 170.00 SGTU 19381 1 615.10 R22K FP5184 19/10/2024 13/08/2024 Books   19/10/2024
    Dewey Decimal Classification     PHARMACY SGT FA-FP Library SGT FA-FP Library Reference Book 03/10/2024 AHUJA PUB. 170.00 SGTU 19381 2 615.10 R22K FP5185 19/10/2024 13/08/2024 Books Restricted Access 19/10/2024